01339nam a2200337Ia 4500001001200000003000800012006001900020007001500039008004100054010001700095020001800112020001500130020001800145020001500163040002100178035002100199050002500220100003200245245010500277260005600382300001900438504006600457533015200523650006500675650004100740655002900781700003100810710001700841856012600858999001700984ebr10256345CaPaEBRm u cr cn|||||||||060711s2007 mdua sb 001 0 eng d z 2006022814 z9780801885822 z0801885825 z9780801885839 z0801885833 aCaPaEBRcCaPaEBR a(OCoLC)29975582314aJK468.S4bP35 2007eb1 aPallitto, Robert M.,d1964-10aPresidential secrecy and the lawh[electronic resource] /cRobert M. Pallitto and William G. Weaver. aBaltimore :bJohns Hopkins University Press,c2007. a261 p. :bill. aIncludes bibliographical references (p. [227]-254) and index. aElectronic reproduction.bPalo Alto, Calif. :cebrary,d2009.nAvailable via World Wide Web.nAccess may be limited to ebrary affiliated libraries. 0aExecutive privilege (Government information)zUnited States. 0aSeparation of powerszUnited States. 7aElectronic books.2local1 aWeaver, William G.,d1956-2 aebrary, Inc.40uhttp://site.ebrary.com/lib/rucke/Doc?id=10256345zAn electronic book accessible through the World Wide Web; click to view c33742d33742